000
00207 a2200097 4500
001
9110
100
_a
Nadvi, A S
245
_a
Tarikhi-Akhlaqi Islami.
260
_a
_b
Maroof (India)
_c
090
_c
7288
_d
7288
942
_a
NUST-CAE
_c
M
_c
33920
999
_c
244183
_d
244183